LEADER 01306nam a2200253 i 4500 001 000000031812 003 CaOOAMICUS 005 20221017124801.0 008 180830s1664 it u000 u ita u 040 $aSeMil$bita 100 1 $aOliva, Giovanni Paolo,$d<1600-1681>.$0(OLS)http://semarc/name/4938 245 10$aPrediche dette nel palazzo apostolico da Gian Paolo Oliva. E ristampate. 260 $aIn Roma :$bPresso il Varese,$c1664-1680. 300 $a3 v. (in 4 tomi) ;$cfol. 500 $aTesto su due colonne. - Iniz., fregi xilogr. - Cors. ; rom. 650 4$aPrediche, omelie, sermoni - Sec. 16.-17.$0(OLS)http://semarc/subject/1592 710 2 $aTipografia di Varese$c.$0(OLS)http://semarc/name/14396 774 0 $aOliva, Giovanni Paolo <1600-1681>$t[Parte 1.1].$g1$w()241336 774 0 $aOliva, Giovanni Paolo <1600-1681>$tParte 1.2.$g1$w()241337 774 0 $aOliva, Giovanni Paolo <1600-1681>$tTomo 2.$d[S.l. : s.n.], 1664$g2$w()241338 774 0 $aOliva, Giovanni Paolo <1600-1681>$tTomo 3.$dIn Roma : alle spese d'Ignatio de' Lazzari, 1674.$g3$w()241340 996 $6245$aPrediche dette nel palazzo apostolico da Gian Paolo Oliva. E ristampate$9(OLS)http://semarc/title/43155 996 $6260$aIn Roma :$bPresso il Varese$9(OLS)http://semarc/publisher/39024 LEADER 01187nam a2200277 i 4500 001 000000085302 003 CaOOAMICUS 005 20030925000000.0 008 030925s2003 be u000 u eng u 013 $a57542 020 $a2-503-51457-X 040 $aSeMil$bita 100 1 $aTeeuwen, Mariken.$0(OLS)http://semarc/name/39583 245 14$aThe vocabulary of intellectual life in the Middle Ages /$cMariken Teeuwen. 260 $aTurnhout :$bBrepols,$c2003. 300 $a482 p. ;$c24 cm. 490 0 $aÉtudes sur le vocabulaire intellectuel du Moyen Age ;$v10. 500 $aContiene : Bibliography. 650 4$aLingua latina medievale - Lessico.$0(OLS)http://semarc/subject/6522 830 0$aÉtudes sur le vocabulaire intellectuel du Moyen Age ;$v10.$0(OLS)http://semarc/title/262 850 $aSeMil 852 $aSeMil$W1$xVenegono$y1$m2U II 310$j49338$B49338$CSeMilBibl$Z2$F52901 $81 961 $aSottoscrizione: Brepols 996 $6020$a2-503-51457-X$9(OLS)http://semarc/number/65669 996 $6245$aThe vocabulary of intellectual life in the Middle Ages$9(OLS)http://semarc/title/131867 996 $6260$aTurnhout :$bBrepols$9(OLS)http://semarc/publisher/29626